000 00689nam a2200193Ii 4500
003 JO-AjNU
008 230605s9999||||xx |||||||||||||| ||und||
040 _aJO-AjNU
_bara
_erda
_cJO-AjNU
041 _aara
050 1 4 _aZ6612 2005
100 3 _aتعريب عايش ، محمد,
_eauthor
_915072
245 0 0 _aفهرس المخطوطات العربية في المكتبة الوطنية التشيكية
264 3 1 _aعمان :الدار العثمانية ،2005
300 _a133ص
336 _atext
_btxt
_2rdacontent
337 _aunmediated
_bn
_2rdamedia
338 _avolume
_bnc
_2rdacarrier
650 4 _aالفهارس-المخطوطات-المكتبة الوطنية
_915073
999 _aA4171
_c7739
_d7739